| 000 | 00630nam a22001817a 4500 | ||
|---|---|---|---|
| 999 |
_c183579 _d183579 |
||
| 005 | 20211229103559.0 | ||
| 010 | _aENG-130343 | ||
| 020 |
_a978-93-886-89-120 _c499.00 |
||
| 035 | _aEN-113875 | ||
| 037 | _bDBAD | ||
| 082 | _a324.95404 | ||
| 100 | _aBhallla, Surjit S. | ||
| 245 |
_aCitizen Raj: _bIndian Elections 1952-2019/ _cSurjit S. Bhalla |
||
| 260 |
_aChennai _bWestland Publications Private Limited _c2019 |
||
| 270 |
_a1st Floor, A Block, East Wing, Plot No. 40, SP Infocity, Dr MGR Salai, Perungudi, Kandanchavadi _bChennai _e600096 |
||
| 300 |
_a222p _c22cm(hbk) |
||
| 942 |
_2ddc _cEN _h324.95404 _mBHA |
||